[Event "Challenge"]
[Site "http://www.queenalice.com/game.php?id=1841128"]
[Date "2024.7.29"]
[Round "-"]
[White "ricardoguevara"]
[Black "Aquarebel"]
[Result "0-1"]
[WhiteElo "1456"]
[BlackElo "1417"]

1. e4 e5 2. Nf3 c5 3. Nc3 d6 4. Bb5+ Bd7 5. O-O a6 6. Bxd7+ Nxd7 7. Nd5 g5 8. d3
g4 9. Ng5 h5 10. f3 f6 11. Ne6 Qc8 12. Ndc7+ Ke7 13. d4 exd4 14. fxg4 h4 15. Bf4
b5 16. c3 Ra7 17. Nd5+ Kxe6 18. cxd4 c4 19. g5 Kf7 20. gxf6 Ngxf6 21. Qf3 Bh6
22. Bxh6 Rxh6 23. e5 dxe5 24. dxe5 Nxe5 25. Qd1 Rd7 26. Rxf6+ Rxf6 27. Qh5+ Ng6
28. Qh7+ Ke6 29. Nf4+ Rxf4 30. Qxg6+ Rf6 31. Re1+ Kd6 32. Qxf6+ Kc7 33. Qe5+ Kb6
34. Qe6+ Ka5 35. b4+ Kxb4 36. Rb1+ Ka3 37. Qe3+ Rd3 38. Qc1+ Ka4 39. Qc2+ Ka5
40. Rd1 Rxd1+ 41. Qxd1 Qc5+ 42. Kh1 c3 43. Qd8+ Qb6 44. Qxh4 b4 45. Qg5+ Ka4 46.
Qc1 Qd4 47. Qc2+ Kb5 48. Qf5+ Kc4 49. Qf1+ Qd3 50. Qf4+ Kb5 51. Qb8+ Ka4 52.
Qe8+ Qb5 53. Qe1 Qd3 54. h4 Qd2 55. Qe8+ Ka3 56. Qe6 Qxa2 57. Qxa6+ Kb2 58. Qe2+
c2 59. Qe5+ Kb1 60. Qe1+ c1=Q 61. Qxc1+ Kxc1 62. h5 Qg8 63. Kh2 Qg5 64. Kh3
Qxh5+ 0-1

[Event "Capixabba789"]
[Site "http://www.queenalice.com/game.php?id=1841323"]
[Date "2024.8.3"]
[Round "4"]
[White "ricardoguevara"]
[Black "Rocio"]
[Result "1-0"]
[WhiteElo "1438"]
[BlackElo "1483"]

1. e4 e5 2. Nf3 Nc6 3. Bc4 h6 4. O-O a6 5. Nc3 Bc5 6. d3 d6 7. Nd5 Be6 8. Be3 b5
9. Bb3 Bb4 10. c3 Ba5 11. a4 Nce7 12. d4 c6 13. Nxe7 Nxe7 14. dxe5 O-O 15. Bxe6
fxe6 16. exd6 Nc8 17. axb5 axb5 18. Ne5 Qf6 19. Nd7 Qh4 20. Nxf8 Kxf8 21. Qf3+
Ke8 22. e5 Kd7 23. Qf7+ Kd8 24. Qf8+ Kd7 25. Qxg7+ Ne7 26. b4 Rg8 27. Qxe7+ Qxe7
28. dxe7 Kxe7 29. bxa5 h5 30. a6 Ra8 31. Bc5+ Kd7 32. Rfd1+ Kc7 33. Bd6+ Kb6 34.
Rd4 c5 35. Rh4 c4 36. Rxh5 Kc6 37. Rh6 Kd5 38. Rd1+ Kc6 39. Rxe6 Rxa6 40. Bb4+
Kb7 41. Rd7+ Kc8 42. Rxa6 Kxd7 43. h4 Ke8 44. f4 Kd7 45. h5 Ke8 46. h6 Kd7 47.
h7 Ke8 48. h8=Q+ Kd7 49. Qh7+ Ke8 50. Ra8# 1-0

[Event "AUTO-OPEN-4546"]
[Site "http://www.queenalice.com/game.php?id=1842909"]
[Date "2024.9.2"]
[Round "1"]
[White "tucuman10"]
[Black "ricardoguevara"]
[Result "1-0"]
[WhiteElo "2208"]
[BlackElo "1432"]

1. d4 d5 2. c4 Nf6 3. Nc3 Nc6 4. e3 Bf5 5. Nf3 dxc4 6. Bxc4 e6 7. O-O Bd6 8. Re1
O-O 9. e4 Bg4 10. h3 Bxf3 11. Qxf3 Nxd4 12. Qd3 e5 13. Be3 Bc5 14. Nd5 Nxd5 15.
exd5 c6 16. dxc6 bxc6 17. Qe4 Rb8 18. Qxe5 Rxb2 19. Qxc5 Nc2 20. Rad1 Qf6 21.
Qxf8+ Kxf8 22. Bc5+ Kg8 23. Re8# 1-0

[Event "AUTO-OPEN-4546"]
[Site "http://www.queenalice.com/game.php?id=1842910"]
[Date "2024.9.2"]
[Round "1"]
[White "ricardoguevara"]
[Black "tucuman10"]
[Result "0-1"]
[WhiteElo "1449"]
[BlackElo "2224"]

1. e4 e6 2. Nf3 Nc6 3. Bc4 d5 4. exd5 exd5 5. Qe2+ Be6 6. O-O dxc4 7. Nc3 Nf6 8.
d4 Nxd4 9. Nxd4 Qxd4 10. Be3 Qg4 11. Qxg4 Nxg4 12. Bf4 O-O-O 13. Nb5 Kb8 14.
Bxc7+ Kc8 15. Bf4 Bc5 16. Bg3 a6 17. Nc3 Bf5 18. Rae1 Bxc2 19. Ne4 Bxe4 20. Rxe4
Rd4 21. Rxd4 Bxd4 22. b3 c3 23. Re1 Rd8 24. h3 c2 25. Bf4 Bxf2+ 26. Kf1 Bxe1 27.
Kxe1 Rd1+ 28. Ke2 Nf6 29. g4 c1=R 30. Bxc1 Rxc1 31. g5 Nh5 32. Kd3 Nf4+ 33. Kd2
Ra1 34. Ke3 Nxh3 35. a4 Nxg5 36. Kf4 Ne6+ 37. Ke5 Rf1 0-1

[Event "AUTO-OPEN-4546"]
[Site "http://www.queenalice.com/game.php?id=1842937"]
[Date "2024.9.2"]
[Round "1"]
[White "xadreco5"]
[Black "ricardoguevara"]
[Result "1-0"]
[WhiteElo "2419"]
[BlackElo "1430"]

1. e4 e5 2. Nf3 Nc6 3. d4 Bb4+ 4. c3 Bd6 5. Bc4 Nf6 6. O-O O-O 7. Bg5 exd4 8.
cxd4 Qe8 9. e5 Be7 10. exf6 Bxf6 11. Bxf6 gxf6 12. Re1 Qd8 13. Nc3 Re8 14. Rxe8+
Qxe8 15. Nd5 Qe7 16. Nxe7+ Nxe7 17. Qb3 d5 18. Bxd5 Be6 19. Bxe6 fxe6 20. Qxe6+
Kg7 21. Qxe7+ Kg6 22. Qxc7 Rf8 23. d5 h5 24. Nh4+ Kg5 25. Qg7+ Kxh4 26. Qg3# 1-0

[Event "AUTO-OPEN-4546"]
[Site "http://www.queenalice.com/game.php?id=1842938"]
[Date "2024.9.2"]
[Round "1"]
[White "ricardoguevara"]
[Black "xadreco5"]
[Result "0-1"]
[WhiteElo "1428"]
[BlackElo "2420"]

1. e4 e5 2. Nf3 Nc6 3. Nc3 d6 4. Bc4 Bg4 5. O-O Nf6 6. d3 Nd4 7. Qe1 Bxf3 8.
gxf3 Nxf3+ 9. Kg2 Nxe1+ 10. Rxe1 Be7 11. Bg5 O-O 12. Rad1 Qd7 13. Bb5 c6 14. Bc4
Qg4+ 15. Kf1 Qxg5 16. Re3 Ng4 17. Rg3 Qf4 18. Rg2 Ne3+ 19. Ke2 Nxg2 20. Rd2 Qg4+
21. f3 Qg5 22. Kd1 Qe3 23. Re2 Qxf3 24. Kc1 Bg5+ 25. Kd1 Qf1+ 26. Re1 Qxe1# 0-1

[Event "AUTO-OPEN-4546"]
[Site "http://www.queenalice.com/game.php?id=1842957"]
[Date "2024.9.2"]
[Round "1"]
[White "ricardoguevara"]
[Black "azad_m"]
[Result "1-0"]
[WhiteElo "1426"]
[BlackElo "1366"]

1. e4 e5 2. Nf3 Nc6 3. Nc3 Nf6 4. Bc4 Nh5 5. O-O Bc5 6. d3 Nd4 7. Nxd4 Bxd4 8.
Qxh5 g6 9. Qf3 O-O 10. Nd5 c6 11. Nf6+ Kh8 12. Bh6 Bxb2 13. Rae1 d5 14. exd5
cxd5 15. Bb3 e4 16. dxe4 Be6 17. Bxf8 Qxf8 18. exd5 Bf5 19. d6 Bxf6 20. Qxb7 Bd4
21. Bxf7 Bxc2 22. Qd5 Bb6 23. d7 Rd8 24. Re8 1-0

[Event "AUTO-OPEN-4546"]
[Site "http://www.queenalice.com/game.php?id=1842958"]
[Date "2024.9.2"]
[Round "1"]
[White "azad_m"]
[Black "ricardoguevara"]
[Result "0-1"]
[WhiteElo "1412"]
[BlackElo "1434"]

1. e4 e5 2. Nf3 Bd6 3. Nc3 Nf6 4. Bc4 Nc6 5. O-O O-O 6. d3 Bb4 7. Bd2 d6 8. Nd5
Nxd5 9. Bxd5 Bxd2 10. Qxd2 Nd4 11. Nxd4 exd4 12. c3 dxc3 13. bxc3 c6 14. Bb3 d5
15. exd5 cxd5 16. d4 b5 17. Qe2 Rb8 18. Qe5 Be6 19. Bc2 b4 20. cxb4 Rxb4 21. Qh5
g6 22. Qe2 Rxd4 23. Qe3 Qb6 24. Rab1 Qc5 25. Rfc1 Rd1+ 26. Bxd1 Qd6 27. Qxa7 Qe5
28. Bb3 d4 29. Bxe6 fxe6 30. Rd1 Qe2 31. Rxd4 Qxf2+ 32. Kh1 Qf1+ 0-1

[Event "AUTO-INT-3891"]
[Site "http://www.queenalice.com/game.php?id=1842993"]
[Date "2024.9.3"]
[Round "1"]
[White "ricardoguevara"]
[Black "Givanildo"]
[Result "0-1"]
[WhiteElo "1489"]
[BlackElo "1584"]

1. e4 d5 2. d4 dxe4 3. Nc3 c6 4. Nxe4 Bf5 5. Bd3 Na6 6. Nf3 h6 7. O-O e6 8. Bxa6
bxa6 9. Nc5 Bxc5 10. dxc5 Qxd1 11. Rxd1 Bxc2 12. Rd6 Nf6 13. Rxc6 Rd8 14. Bf4
O-O 15. h4 Be4 16. Rxa6 Nh5 17. Be3 Bc2 18. c6 Nf6 19. Rxa7 Nd5 20. Bc5 Rfe8 21.
c7 Rc8 22. Ne5 Nxc7 23. Rc1 Be4 24. Bb6 Nd5 25. Rxc8 Rxc8 26. Nxf7 Nxb6 27. Nd6
Rc1+ 28. Kh2 Bd5 29. Re7 Rc2 30. Re8+ Kh7 31. Nf7 Rxf2 32. Rh8+ Kg6 33. Ne5+ Kh5
34. Kg3 Rxg2+ 35. Kh3 g5 36. hxg5 Rxg5 37. Nf7 Bg2+ 38. Kh2 Rg7 39. Rxh6+ Kg4
40. Ne5+ Kg5 41. Rxe6 Nd5 42. Kxg2 Kf5+ 43. Kf3 Kxe6 44. Nc4 Rf7+ 45. Ke4 Rf4+
46. Kd3 Nb4+ 47. Kc3 Nxa2+ 48. Kb3 Nc1+ 49. Kc3 Ne2+ 50. Kd3 Nd4 51. b4 Nb5 52.
Ne3 Rxb4 53. Nc2 Rb3+ 54. Kc4 Rb2 55. Ne3 Nd6+ 56. Kc3 Rh2 57. Ng4 Rh3+ 58. Kd4
Rh4 0-1

[Event "AUTO-INT-3891"]
[Site "http://www.queenalice.com/game.php?id=1842994"]
[Date "2024.9.3"]
[Round "1"]
[White "Givanildo"]
[Black "ricardoguevara"]
[Result "0-1"]
[WhiteElo "1610"]
[BlackElo "1484"]

1. d4 d5 2. Bf4 Nf6 3. h3 e6 4. e3 Bb4+ 5. c3 Bd6 6. Bxd6 Qxd6 7. Bd3 O-O 8. Qf3
Qb6 9. Ne2 Nc6 10. O-O e5 11. dxe5 Nxe5 12. Bxh7+ Kxh7 13. Ng3 Nxf3+ 14. gxf3
Qxb2 15. Nd2 Qxd2 16. Rad1 Qxa2 17. Kh2 Qb3 18. h4 Qxc3 19. Nf5 Qe5+ 20. Ng3 Qf5
21. Nxf5 g6 22. Ne7 Bf5 23. e4 dxe4 24. Nxf5 gxf5 25. f4 c6 26. Rd6 Ne8 27. Rd7
Nf6 28. Rxb7 Ng4+ 29. Kg2 a5 30. h5 e3 31. h6 exf2 32. Rxf2 Nxf2 33. Kxf2 Kxh6
34. Rc7 Ra6 35. Rd7 a4 36. Rd6+ Kh5 37. Rd3 a3 38. Kg2 a2 39. Rh3+ Kg4 40. Rg3+
Kh5 41. Kh3 a1=Q 42. Rg5+ Kh6 43. Rxf5 Qc3+ 44. Kh4 Qe1+ 45. Kh3 Ra3+ 46. Kg4
Qg3# 0-1

[Event "AUTO-INT-3891"]
[Site "http://www.queenalice.com/game.php?id=1842996"]
[Date "2024.9.3"]
[Round "1"]
[White "azad_m"]
[Black "ricardoguevara"]
[Result "1-0"]
[WhiteElo "1397"]
[BlackElo "1447"]

1. e4 e5 2. Nf3 Nc6 3. Nc3 Nf6 4. Bc4 d6 5. d3 Bg4 6. Bg5 Qe7 7. O-O O-O-O 8.
Qe2 Nd4 9. Qd1 h6 10. Bh4 g5 11. Bg3 Rg8 12. a3 Nxf3+ 13. gxf3 Bh3 14. Re1 g4
15. Nb5 gxf3 16. Qxf3 d5 17. exd5 Bg4 18. Qe3 Nxd5 19. Qxa7 Kd7 20. Qxb7 Ke8 21.
Rxe5 Be6 22. Rae1 Qc5 23. Bxd5 Rxd5 24. Rxd5 Qxc2 25. Nxc7+ Ke7 26. Nxe6+ Kf6
27. Nxf8 Rxf8 28. Rd6+ Kg7 29. Be5+ Kh7 30. Qe4+ Kg8 31. Rxh6 Rc8 32. Qh7+ Kf8
33. Bd6# 1-0

[Event "AUTO-INT-3891"]
[Site "http://www.queenalice.com/game.php?id=1842997"]
[Date "2024.9.3"]
[Round "1"]
[White "ricardoguevara"]
[Black "juim"]
[Result "0-1"]
[WhiteElo "1438"]
[BlackElo "1695"]

1. e4 d5 2. Bd3 dxe4 3. Bxe4 c6 4. Nf3 Bg4 5. O-O e6 6. Qe1 Qc7 7. Nc3 f5 8. Bd3
Bxf3 9. gxf3 Bd6 10. Qxe6+ Ne7 11. Bxf5 Rf8 12. f4 Bxf4 13. Bxh7 Rh8 14. Bg6+
Kd8 15. Qh3 Rxh3 16. f3 Qb6+ 17. d4 Qxd4+ 18. Kh1 Rxh2# 0-1

[Event "AUTO-INT-3891"]
[Site "http://www.queenalice.com/game.php?id=1842998"]
[Date "2024.9.3"]
[Round "1"]
[White "juim"]
[Black "ricardoguevara"]
[Result "1-0"]
[WhiteElo "1699"]
[BlackElo "1440"]

1. e4 e5 2. d4 Bd6 3. dxe5 Bxe5 4. Bd3 Nf6 5. Nf3 d6 6. Bg5 O-O 7. Nxe5 dxe5 8.
Nc3 Bg4 9. Qd2 Qd4 10. Bxf6 Nd7 11. Bxg7 Kxg7 12. Qg5+ Kh8 13. Qxg4 Nf6 14. Qh4
Qd6 15. O-O Rg8 16. Rae1 Rg4 17. Qh6 Ng8 18. Qxd6 cxd6 19. Bc4 Rc8 20. Bxf7 Nh6
21. Re3 Nxf7 22. Rg3 Rxg3 23. fxg3 Nh6 24. Rf2 Ng4 25. Rf7 Kg8 26. Rxb7 Ne3 27.
Rxa7 Nxc2 28. h4 Nb4 29. a3 Nc6 30. Rd7 Rb8 31. b4 Nd4 32. Rxd6 Nb5 33. Nxb5
Rxb5 34. Rd5 Rb6 35. Rxe5 Ra6 36. Ra5 Re6 37. e5 Kf7 38. Rc5 h5 39. b5 Kg6 40.
Rc6 Rxc6 41. bxc6 Kf5 42. c7 Kxe5 43. c8=Q 1-0

[Event "AUTO-OPEN-4554"]
[Site "http://www.queenalice.com/game.php?id=1845215"]
[Date "2024.10.12"]
[Round "1"]
[White "ricardoguevara"]
[Black "ThiagoBrumN"]
[Result "0-1"]
[WhiteElo "1485"]
[BlackElo "1719"]

1. e4 d5 2. e5 Nc6 3. Nf3 Bg4 4. Be2 e6 5. O-O Be7 6. d4 Qd7 7. Nc3 O-O-O 8. Bb5
a6 9. Bxc6 Qxc6 10. Qd3 Nh6 11. Ne2 Nf5 12. Ng5 Bxg5 13. Bxg5 Rdf8 14. Nf4 h6
15. Bh4 g5 16. Nh5 gxh4 17. Nf6 Rfg8 18. Nxg8 Rxg8 19. b3 h3 20. g3 Nh4 21. gxh4
Bf3+ 0-1

[Event "AUTO-OPEN-4554"]
[Site "http://www.queenalice.com/game.php?id=1845216"]
[Date "2024.10.12"]
[Round "1"]
[White "ThiagoBrumN"]
[Black "ricardoguevara"]
[Result "1-0"]
[WhiteElo "1722"]
[BlackElo "1507"]

1. e4 e5 2. Nf3 Nc6 3. Bc4 Bb4 4. c3 Bc5 5. O-O d6 6. d3 Nf6 7. Bg5 O-O 8. Nbd2
Ne7 9. Bxf6 gxf6 10. Nh4 Ng6 11. Nxg6 Re8 12. Nh4 Kf8 13. Qh5 Be6 14. Bb5 c6 15.
Qh6+ Ke7 16. Ba4 d5 17. exd5 Bxd5 18. Nf5+ Kd7 19. Qxh7 b5 20. Bb3 a5 21. Bxd5
cxd5 22. Qxf7+ Re7 23. Qxd5+ Ke8 24. Nxe7 Qxe7 25. Qxa8+ Kf7 26. Qd5+ Kf8 27.
Ne4 Bb6 28. Nd6 b4 29. c4 Bd4 30. Nf5 Qe8 31. Rae1 Bxb2 32. Qc5+ Kf7 33. Nd6+
Ke7 34. d4 Qd7 35. dxe5 fxe5 36. f4 Bd4+ 37. Qxd4 Qe6 38. Rxe5 Qxe5 39. Qxe5+
1-0

[Event "AUTO-OPEN-4554"]
[Site "http://www.queenalice.com/game.php?id=1845217"]
[Date "2024.10.12"]
[Round "1"]
[White "ricardoguevara"]
[Black "Shizumaru_Hisame"]
[Result "0-1"]
[WhiteElo "1457"]
[BlackElo "2020"]

1. e4 e6 2. Nf3 Bc5 3. d4 Bb6 4. Bd3 d6 5. O-O Bd7 6. Nc3 Nf6 7. Bg5 Qc8 8. e5
dxe5 9. dxe5 Nd5 10. Qe2 Nxc3 11. bxc3 Bc6 12. Bxh7 Rxh7 13. Rad1 Nd7 14. Nd4
Bd5 15. c4 Bc6 16. Nxc6 bxc6 17. Qf3 Qb7 18. a4 Rh8 19. h4 Nxe5 20. Qe4 Nd7 21.
h5 Rxh5 22. Qg4 Rh8 23. Rb1 Qa6 24. Rfe1 Nf8 25. Red1 f6 26. Be3 Kf7 27. Bxb6
cxb6 28. Rd6 Rc8 29. c5 Rh7 30. cxb6 axb6 31. c4 Qxa4 32. Rxb6 Qa5 33. Rb7+ Kg8
34. g3 Qe1+ 35. Kg2 Qh1# 0-1

[Event "AUTO-OPEN-4554"]
[Site "http://www.queenalice.com/game.php?id=1845218"]
[Date "2024.10.12"]
[Round "1"]
[White "Shizumaru_Hisame"]
[Black "ricardoguevara"]
[Result "0-1"]
[WhiteElo "2050"]
[BlackElo "1427"]

1. d4 Nf6 2. d5 d6 3. c4 g6 4. Bd2 Bg7 5. Bc3 O-O 6. Qb3 c6 7. f3 cxd5 8. cxd5
Bf5 9. Qxb7 Nbd7 10. e4 Bxe4 11. fxe4 e5 12. dxe6 fxe6 13. Nf3 Nc5 14. Qb4 Nfxe4
15. Bxg7 Qe7 16. Bxf8 Qxf8 17. Nbd2 d5 18. Qd4 Rc8 19. Nxe4 dxe4 20. Ng5 Qf5 21.
Nxe4 Nxe4 22. Qxa7 Nd6 23. Qd4 Qa5+ 24. b4 Qc7 25. Qb2 Ne4 26. Bd3 Qf4 27. Bxe4
Qxe4+ 28. Kd2 Qxg2+ 29. Kd3 Qxb2 30. Rhb1 Qa3+ 31. Rb3 Qa6+ 32. Ke3 Qb6+ 33. Kd3
Qd6+ 34. Ke3 Qe5+ 0-1

[Event "AUTO-OPEN-4554"]
[Site "http://www.queenalice.com/game.php?id=1845219"]
[Date "2024.10.12"]
[Round "1"]
[White "ricardoguevara"]
[Black "basketballer"]
[Result "1-0"]
[WhiteElo "1455"]
[BlackElo "2026"]

1. e4 c6 2. Nf3 d5 3. e5 Bg4 4. d4 e6 5. Be2 c5 6. O-O Nc6 7. dxc5 Bxc5 8. Bg5
Qb6 9. Be3 Bxe3 10. Qe1 Qxb2 11. Nc3 Qxc2 12. Nb5 Bb6 13. Nd6+ Ke7 14. Nxb7 Bxf3
15. Bxf3 Nxe5 16. Rc1 Qf5 17. Qe2 Nxf3+ 18. Qxf3 Qxf3 19. gxf3 Nf6 20. a4 Rab8
21. Nd6 Kxd6 22. f4 Ne4 23. Kg2 Rhc8 24. Rb1 Bxf2 25. Rfd1 1-0

[Event "AUTO-OPEN-4554"]
[Site "http://www.queenalice.com/game.php?id=1845220"]
[Date "2024.10.12"]
[Round "1"]
[White "basketballer"]
[Black "ricardoguevara"]
[Result "1-0"]
[WhiteElo "2042"]
[BlackElo "1429"]

1. e4 e5 2. Qh5 Nf6 3. Qxe5+ Be7 4. Nc3 O-O 5. d3 Nc6 6. Qg3 Bd6 7. f4 Nd4 8.
Kd1 c6 9. e5 Bxe5 10. fxe5 Nh5 11. Qg5 Qxg5 12. Bxg5 d5 13. Nf3 Bg4 14. Be2 Nxf3
15. Bxf3 Bxf3+ 16. gxf3 d4 17. Ne4 f5 18. exf6 gxf6 19. Bh6 Rfd8 20. Kd2 f5 21.
Rhg1+ Kf7 22. Ng3 Nf6 23. Nxf5 b5 24. Rae1 Rd5 25. Re7# 1-0

[Event "AUTO-INT-3896"]
[Site "http://www.queenalice.com/game.php?id=1845394"]
[Date "2024.10.14"]
[Round "1"]
[White "ajr"]
[Black "ricardoguevara"]
[Result "0-1"]
[WhiteElo "1560"]
[BlackElo "1460"]

1. d4 d5 2. h3 Nf6 3. Nc3 g6 4. Nf3 Bg7 5. Bg5 O-O 6. e3 Nbd7 7. Bxf6 exf6 8.
Nxd5 b6 9. Bb5 c5 10. Bxd7 Bxd7 11. dxc5 bxc5 12. O-O Bc6 13. c4 Rb8 14. b3 f5
15. Rc1 a5 16. h4 a4 17. Qd2 axb3 18. axb3 Rxb3 19. g3 Bc3 20. Rxc3 Rxc3 21.
Qxc3 Bxd5 22. cxd5 Qxd5 23. Kg2 h6 24. Rc1 Rc8 25. Qc4 Qc6 26. Qf4 Re8 27. Qxh6
Ra8 28. Qf4 Ra4 29. Qe5 c4 30. Qf4 c3 31. Kh3 Rxf4 0-1

[Event "AUTO-INT-3896"]
[Site "http://www.queenalice.com/game.php?id=1845395"]
[Date "2024.10.14"]
[Round "1"]
[White "ricardoguevara"]
[Black "ajr"]
[Result "0-1"]
[WhiteElo "1505"]
[BlackElo "1514"]

1. e4 c5 2. Nc3 a6 3. Nf3 h6 4. Bc4 e6 5. O-O Nf6 6. d4 b5 7. Bd3 c4 8. Be2 Bb4
9. Bd2 Bb7 10. e5 Bxc3 11. Bxc3 Ne4 12. a4 Nxc3 13. bxc3 Bxf3 14. Bxf3 Nc6 15.
axb5 axb5 16. Rxa8 Qxa8 17. d5 Nxe5 18. dxe6 Nxf3+ 19. gxf3 dxe6 20. Qd6 Qd5 21.
Qb8+ Qd8 22. Qxb5+ Ke7 23. Qxc4 Qd7 24. Qb4+ Qd6 25. Qb7+ Kf6 26. Qb2 Rb8 27.
Qa1 Kf5 28. Qa5+ Kf6 29. c4 Qd4 30. Qa1 Qxa1 31. Rxa1 Rb4 32. Ra8 Rxc4 33. Ra2
Kf5 34. Ra5+ e5 35. Ra7 Kg6 36. Re7 f6 37. Kg2 Rxc2 38. Ra7 h5 39. h4 Rc4 40.
Kg3 Rd4 41. Ra1 Kf5 42. Re1 g6 43. Re2 Rd1 44. f4 Rg1+ 45. Kf3 exf4 46. Rd2 Rg4
47. Rd5+ Ke6 48. Rd4 Ke5 49. Ra4 Rxh4 50. Re4+ Kf5 51. Rb4 Rh3+ 52. Ke2 Kg5 53.
Rb5+ f5 54. Kf1 Kg4 55. Ke2 g5 56. Rd5 h4 57. Kf1 Rg3 58. fxg3 hxg3 59. Rd2 f3
60. Rd4+ f4 61. Rd2 f2 62. Rxf2 gxf2 63. Kxf2 f3 64. Kg1 Kg3 65. Kf1 f2 66. Ke2
Kg2 67. Ke3 f1=Q 0-1

[Event "AUTO-INT-3896"]
[Site "http://www.queenalice.com/game.php?id=1845408"]
[Date "2024.10.14"]
[Round "1"]
[White "nicholasmorassutti"]
[Black "ricardoguevara"]
[Result "1-0"]
[WhiteElo "1440"]
[BlackElo "1478"]

1. d4 d5 2. Nc3 Nf6 3. Qd3 e6 4. e4 g6 5. e5 Bg7 6. Bg5 O-O 7. exf6 Bxf6 8. Bh6
Re8 9. O-O-O Bg5+ 10. Bxg5 Qxg5+ 11. Kb1 Nc6 12. Nb5 Nb4 13. Qb3 a5 14. Nxc7 Bd7
15. a3 Nc6 16. Qxb7 Ra7 17. Qb6 Rxc7 18. Qxc7 Rd8 19. g3 Qg4 20. f3 Qf5 21. g4
Qg5 22. h4 Qf6 23. Bb5 Nxd4 24. g5 Qf5 25. Qxd8+ Kg7 26. Bd3 Qe5 27. Qxd7 Nf5
28. Bxf5 exf5 29. Nh3 Qg3 30. Ng1 h5 31. gxh6+ Kxh6 32. Qxf7 Qg2 33. Qf8+ Kh7
34. Rxd5 1-0

[Event "AUTO-INT-3896"]
[Site "http://www.queenalice.com/game.php?id=1845409"]
[Date "2024.10.14"]
[Round "1"]
[White "ricardoguevara"]
[Black "nicholasmorassutti"]
[Result "0-1"]
[WhiteElo "1500"]
[BlackElo "1499"]

1. e4 d5 2. e5 Nc6 3. Nf3 f6 4. Bb5 a6 5. Bxc6+ bxc6 6. O-O fxe5 7. Nxe5 Qd6 8.
d4 Bf5 9. Bf4 O-O-O 10. Nf7 Qxf4 11. Nxh8 e6 12. Nf7 Rd7 13. Nh8 Bd6 14. g3 Qe4
15. Nc3 Qxc2 16. Qxc2 Bxc2 17. Rac1 Bd3 18. Rfe1 Re7 19. Rcd1 Bf5 20. a3 h5 21.
b4 g5 22. Na4 Rh7 23. Nb6+ cxb6 24. Rc1 Kc7 25. f4 gxf4 26. gxf4 Rxh8 27. Kf2
Bxf4 28. h4 Nf6 29. a4 Ng4+ 30. Kf3 Bxc1 31. Rxc1 Be4+ 32. Kf4 Rf8+ 33. Kg5 Nf6
34. a5 Rg8+ 35. Kxf6 Rg4 36. axb6+ Kxb6 37. Kxe6 Rxh4 38. Kf6 Rg4 39. Rf1 h4 40.
Ke7 h3 41. Rf6 h2 42. Rh6 Rg7+ 43. Kf6 Rg1 44. Rxh2 Rb1 45. Rh8 Kb5 46. Rb8+ Kc4
47. Ke7 Kxd4 48. Kd6 a5 49. Kxc6 axb4 50. Kb5 Kc3 51. Rc8+ Kd3 52. Rh8 Bg2 53.
Rg8 Bf1 54. Rd8 Bg2 55. Kc5 b3 56. Rg8 Be4 57. Rg3+ Ke2 58. Rc3 b2 59. Kd4 Rd1+
60. Ke5 b1=Q 0-1

[Event "AUTO-INT-3896"]
[Site "http://www.queenalice.com/game.php?id=1845418"]
[Date "2024.10.14"]
[Round "1"]
[White "ricardoguevara"]
[Black "Rocio"]
[Result "1-0"]
[WhiteElo "1494"]
[BlackElo "1407"]

1. e4 e5 2. Nf3 d6 3. Bc4 h6 4. O-O Bg4 5. Nc3 Nd7 6. Be2 Ngf6 7. d4 Nh5 8. dxe5
Nf4 9. Bxf4 Be7 10. exd6 cxd6 11. Nd5 Bf8 12. e5 Rc8 13. exd6 Rc6 14. a4 Bxd6
15. Bxd6 Rxd6 16. Qe1 Rxd5 17. Bc4+ Kf8 18. Bxd5 Nf6 19. Bxb7 Nh5 20. Qb4+ Kg8
21. Ne5 Bh3 22. Rad1 Qc7 23. Nc6 f6 24. Rd8+ Kh7 25. Rxh8+ Kxh8 26. Qf8+ Kh7 27.
Ne7 Qxe7 28. Qxe7 Bf5 29. Be4 Bxe4 30. Qxe4+ Kg8 31. Rd1 a5 32. Rd8+ Kf7 33.
Qe8# 1-0

[Event "AUTO-INT-3896"]
[Site "http://www.queenalice.com/game.php?id=1845419"]
[Date "2024.10.14"]
[Round "1"]
[White "Rocio"]
[Black "ricardoguevara"]
[Result "0-1"]
[WhiteElo "1433"]
[BlackElo "1480"]

1. e4 e5 2. Nf3 Nc6 3. a3 b6 4. d3 Bb7 5. h3 Qe7 6. Nc3 O-O-O 7. Nd5 Qc5 8. Be3
Qa5+ 9. Nc3 Nf6 10. Be2 Bc5 11. b4 Nxb4 12. Bg5 Nc6 13. O-O Qxc3 14. Rb1 Qxa3
15. Nd2 h6 16. Rb3 Qa4 17. Rb2 hxg5 18. Nb1 Bb4 19. Qc1 Nd4 20. Bd1 g4 21. hxg4
d5 22. c3 Qd7 23. Rxb4 dxe4 24. cxd4 exd4 25. g5 Ng4 26. Bxg4 Qxg4 27. f3 exf3
28. Kf2 Qh4+ 29. Kg1 Qh1+ 30. Kf2 Qxg2+ 31. Ke1 Qe2# 0-1